[Event "Wloclawek CC Classic 23rd"]
[Site "Wloclawek"]
[Date "2019.??.??"]
[Round "2"]
[White "Kaczynski, Maciej"]
[Black "Lapinski, Jerzy"]
[Result "0-1"]
[WhiteElo "1475"]
[BlackElo "1258"]
[PlyCount "120"]
[EventDate "2019.06.??"]
[EventType "swiss"]
[EventRounds "7"]
[EventCountry "POL"]
[SourceTitle "EXT 2021"]
[Source "ChessBase"]
[SourceDate "2020.10.23"]
[SourceVersion "1"]
[SourceVersionDate "2020.10.23"]
[SourceQuality "1"]

1. d4 Nf6 2. b3 d5 3. e3 Bf5 4. Bd3 Bxd3 5. cxd3 e6 6. f4 c5 7. Nf3 cxd4 8. Nxd4 Bc5 9. Bb2 0-0 10. 0-0 Nc6 11. Nd2 e5 12. fxe5 Nxe5 13. N2f3 Nfg4 14. Qd2 Re8 15. h3 Nxf3+ 16. Rxf3 Ne5 17. Rf5 Qd7 18. Raf1 f6 19. Nc2 Bd6 20. d4 Ng6 21. Kh1 Bc7 22. g4 Nh4 23. Rh5 Bg3 24. Qa5 Qe6 25. Qxd5 Rac8 26. Rc1 Qxd5+ 27. Rxd5 Rxc2 28. Rxc2 Rxe3 29. Rd8+ Kf7 30. Bc3 Bf4 31. Kg1 Rxh3 32. Bb4 Be3+ 33. Kf1 Rh1+ 34. Ke2 Rh2+ 35. Kd3 Rh3 36. Kc4 Kg6 37. Rd7 Rg3 38. Bf8 Bh6 39. Rxb7 Rxg4 40. Rxa7 Nf5 41. Rd7 Ne3+ 42. Kd3 Nxc2 43. Kxc2 Rg1 44. a4 Rg2+ 45. Kd3 f5 46. d5 Rd2+ 47. Kc3 Rd1 48. Bc5 f4 49. Kc2 Ra1 50. Rd6+ Kf5 51. Re6 f3 52. Re8 Rc1+ 53. Kd3 Rxc5 54. Kd4 Rc7 55. Rf8+ Kg4 56. d6 Bg5 57. a5 Rd7 58. Ke5 Bf6+ 59. Ke6 f2 60. a6 f1Q 0-1

[Event "Wloclawek CC Classic 23rd"]
[Site "Wloclawek"]
[Date "2019.??.??"]
[Round "7"]
[White "Sliwa, Krzysztof"]
[Black "Kaczynski, Maciej"]
[Result "1-0"]
[WhiteElo "1033"]
[BlackElo "1475"]
[PlyCount "143"]
[EventDate "2019.06.??"]
[EventType "swiss"]
[EventRounds "7"]
[EventCountry "POL"]
[SourceTitle "EXT 2021"]
[Source "ChessBase"]
[SourceDate "2020.10.23"]
[SourceVersion "1"]
[SourceVersionDate "2020.10.23"]
[SourceQuality "1"]

1. Nf3 g6 2. e4 e6 3. d4 c6 4. c4 d5 5. Nc3 Bb4 6. cxd5 Bxc3+ 7. bxc3 cxd5 8. e5 f5 9. Bb5+ Bd7 10. Qa4 Nc6 11. Bg5 Qc7 12. 0-0 h6 13. Bd2 a6 14. Bxc6 Bxc6 15. Qb4 Ne7 16. Rfc1 Rc8 17. Ne1 Bb5 18. Rab1 Rh7 19. a4 Nc6 20. Qa3 Bc4 21. Qd6 Qxd6 22. exd6 g5 23. Rb6 Rd7 24. Rcb1 Nd8 25. Nf3 Rc6 26. Ne5 Rdxd6 27. Nxc6 bxc6 28. a5 Bb5 29. Rb8 Rd7 30. g3 Kf7 31. h4 Kg6 32. Kg2 g4 33. f3 h5 34. Bg5 Nb7 35. Re1 Kf7 36. Rh8 c5 37. Rh7+ Kg8 38. Rxh5 gxf3+ 39. Kxf3 cxd4 40. cxd4 Rd6 41. Rh6 Bd7 42. Bd2 Nd8 43. Rb1 Bb5 44. Rc1 Nc6 45. Bc3 Kg7 46. Rh5 Rd8 47. Re1 Kg6 48. g4 fxg4+ 49. Kxg4 Re8 50. Rg5+ Kf6 51. h5 Bd3 52. Kh4 Ne7 53. Kg4 Rc8 54. Bb4 Bf5+ 55. Kf4 Nc6 56. Rc1 Nxb4 57. Rxf5+ exf5 58. Rxc8 Nd3+ 59. Ke3 Nb4 60. Rg8 Kf7 61. Rb8 Nc2+ 62. Kd3 Ne1+ 63. Kc3 f4 64. Rb2 f3 65. Rf2 Kg7 66. Kd2 Ng2 67. Rxf3 Kh6 68. Rf5 Nh4 69. Rxd5 Nf3+ 70. Kc3 Ng5 71. Kb4 Kxh5 72. Rxg5+ 1-0

[Event "Wloclawek-ch"]
[Site "Wloclawek"]
[Date "2018.??.??"]
[Round "1"]
[White "Malinowski, Tadeusz"]
[Black "Kaczynski, Maciej"]
[Result "0-1"]
[WhiteElo "1600"]
[BlackElo "1469"]
[PlyCount "64"]
[EventDate "2018.09.??"]
[EventType "swiss"]
[EventRounds "9"]
[EventCountry "POL"]
[SourceTitle "EXT 2021"]
[Source "ChessBase"]
[SourceDate "2020.10.23"]
[SourceVersion "1"]
[SourceVersionDate "2020.10.23"]
[SourceQuality "1"]

1. d4 c6 2. c4 b6 3. e4 a5 4. a3 Ba6 5. Nd2 e6 6. Ngf3 Ne7 7. Bd3 d5 8. Qc2 Ng6 9. g3 Be7 10. b3 0-0 11. Bb2 Nd7 12. e5 c5 13. 0-0 Rc8 14. Rac1 Bb7 15. Qd1 cxd4 16. Bxd4 Bxa3 17. Rc2 Nc5 18. cxd5 Nxd3 19. Rxc8 Bxc8 20. dxe6 Bxe6 21. Qe2 Nc5 22. Qe3 h6 23. h4 Re8 24. Rd1 Bg4 25. Qe1 Bb4 26. Qe3 Qd5 27. Nc4 Qxf3 28. Qxf3 Bxf3 29. Rc1 Nxb3 30. Nd6 Nxc1 31. Nxe8 Ne2+ 32. Kf1 Nxd4 0-1

[Event "Wloclawek-ch"]
[Site "Wloclawek"]
[Date "2018.??.??"]
[Round "3"]
[White "Papis, Patryk"]
[Black "Kaczynski, Maciej"]
[Result "1-0"]
[WhiteElo "1345"]
[BlackElo "1469"]
[PlyCount "89"]
[EventDate "2018.09.??"]
[EventType "swiss"]
[EventRounds "9"]
[EventCountry "POL"]
[SourceTitle "EXT 2021"]
[Source "ChessBase"]
[SourceDate "2020.10.23"]
[SourceVersion "1"]
[SourceVersionDate "2020.10.23"]
[SourceQuality "1"]

1. d4 c6 2. c4 e6 3. Nc3 Bb4 4. Nf3 Bxc3+ 5. bxc3 Ne7 6. Bf4 0-0 7. Bd6 Re8 8. e4 Ng6 9. Be2 b6 10. 0-0 Bb7 11. Re1 Na6 12. Qb3 Qc8 13. Rab1 c5 14. d5 Nc7 15. Bf1 f5 16. exf5 exf5 17. Qc2 Rxe1 18. Rxe1 Ne8 19. Bg3 d6 20. Bd3 f4 21. Bxg6 hxg6 22. Bxf4 Qf5 23. Qxf5 gxf5 24. Re7 Ba6 25. Nd2 Kf8 26. Rd7 Kg8 27. Bxd6 Nf6 28. Re7 Re8 29. Rxe8+ Nxe8 30. Bb8 b5 31. Bxa7 bxc4 32. Bxc5 Kf7 33. Nf3 Nf6 34. Ne5+ Ke8 35. d6 Bb5 36. f3 Nd5 37. Bd4 g5 38. g3 f4 39. Kf2 Ba4 40. Nxc4 Bc2 41. Ne5 fxg3+ 42. hxg3 g4 43. c4 Nf6 44. Nxg4 Nd7 45. Nf6+ 1-0

[Event "Wloclawek CC Classic 21st"]
[Site "Wloclawek"]
[Date "2018.??.??"]
[Round "2"]
[White "Pitula, Adam"]
[Black "Kaczynski, Maciej"]
[Result "0-1"]
[WhiteElo "1303"]
[BlackElo "1469"]
[PlyCount "130"]
[EventDate "2018.06.??"]
[EventType "swiss"]
[EventRounds "7"]
[EventCountry "POL"]
[SourceTitle "EXT 2021"]
[Source "ChessBase"]
[SourceDate "2020.10.23"]
[SourceVersion "1"]
[SourceVersionDate "2020.10.23"]
[SourceQuality "1"]

1. d4 d5 2. Bf4 e6 3. Nf3 Bd6 4. Bxd6 cxd6 5. e3 f5 6. Nbd2 Nf6 7. c3 0-0 8. h3 a6 9. Be2 h6 10. c4 Bd7 11. 0-0 Nc6 12. a3 Qe7 13. Nh4 Be8 14. b4 dxc4 15. Bxc4 d5 16. Be2 Ne4 17. Nhf3 Nc3 18. Qe1 Nxe2+ 19. Qxe2 Nd8 20. Qd1 Bh5 21. Qe1 Nf7 22. Rc1 Rac8 23. Qe2 Ng5 24. Qd3 Nxf3+ 25. Nxf3 Bxf3 26. gxf3 Qh4 27. Kh2 Rxc1 28. Rxc1 Qxf2+ 29. Kh1 Qxf3+ 30. Kh2 Rf6 31. Rf1 Qh5 32. Rg1 g5 33. Qc3 Kg7 34. Qc7+ Qf7 35. Qe5 Kh7 36. Rc1 Kg6 37. Rc7 Qf8 38. Rxb7 f4 39. exf4 gxf4 40. h4 Rf5 41. Qxe6+ Kh5 42. Rb6 Kg4 43. Qg6+ Kf3 44. Qg2+ Ke3 45. Re6+ Kxd4 46. Qd2+ Kc4 47. Rc6+ Kb5 48. Rc5+ Kb6 49. Qf2 Kb7 50. Qf3 Qd8 51. Kh3 h5 52. Ra5 Qd7 53. Qd3 Rf6+ 54. Kg2 f3+ 55. Kf2 Qd6 56. Rxd5 Qh2+ 57. Ke3 Qf4+ 58. Kf2 Qxh4+ 59. Ke3 Qf4+ 60. Kf2 Qh2+ 61. Ke3 Qg1+ 62. Kd2 Qf2+ 63. Kd1 Rc6 64. Rd7+ Kb6 65. a4 Qg1+ 0-1

[Event "POL-chT4 Kujawsko-Pomorskie 1617"]
[Site "Poland"]
[Date "2017.01.22"]
[Round "6.28"]
[White "Napierala, Slawomir"]
[Black "Kaczynski, Maciej"]
[Result "0-1"]
[WhiteElo "1723"]
[BlackElo "1511"]
[PlyCount "106"]
[EventDate "2016.11.06"]
[EventType "team-tourn"]
[EventRounds "11"]
[EventCountry "POL"]
[SourceTitle "EXT 2019"]
[Source "ChessBase"]
[SourceDate "2018.10.10"]
[SourceVersion "1"]
[SourceVersionDate "2018.10.10"]
[SourceQuality "1"]

1. e4 c6 2. d4 e6 3. Bd3 d5 4. e5 f5 5. exf6 Nxf6 6. Nf3 Bd6 7. Ne5 0-0 8. Nd2 c5 9. c3 Nc6 10. Ndf3 cxd4 11. cxd4 Qa5+ 12. Bd2 Qb6 13. Bc3 Ne4 14. Qe2 Nxe5 15. dxe5 Bc5 16. Bxe4 dxe4 17. Qxe4 Bxf2+ 18. Ke2 Bd7 19. Bd4 Bxd4 20. Qxd4 Bb5+ 21. Ke3 Qa6 22. Qd6 Bc6 23. Qxe6+ Kh8 24. Qb3 Rae8 25. Rhe1 b5 26. Kf2 Qb6+ 27. Qe3 Qb7 28. Kg3 Re6 29. Rf1 Qe7 30. h3 h6 31. Rae1 Bd5 32. b3 Rf5 33. Qd3 Rg5+ 34. Kh2 Bxf3 35. Rxf3 Rexe5 36. Ref1 Kg8 37. R1f2 Rd5 38. Qf1 Qe5+ 39. Kh1 Qd6 40. Rf8+ Kh7 41. Qb1+ Rg6 42. Qc2 Rd1+ 43. Rf1 Rd2 44. Qc8 Re6 45. Rh8+ Kg6 46. Qg8 Rf6 47. Qe8+ Kg5 48. Qe3+ Kh5 49. g4+ Kh4 50. Qe1+ Kxh3 51. Qe3+ Qg3 52. Rxh6+ Rxh6 53. Qxg3+ Kxg3+ 0-1

[Event "Wloclawek-ch"]
[Site "Wloclawek"]
[Date "2017.??.??"]
[Round "5"]
[White "Matusiak, Marcin"]
[Black "Kaczynski, Maciej"]
[Result "0-1"]
[WhiteElo "1564"]
[BlackElo "1465"]
[PlyCount "94"]
[EventDate "2017.10.??"]
[EventType "swiss"]
[EventRounds "9"]
[EventCountry "POL"]
[SourceTitle "EXT 2021"]
[Source "ChessBase"]
[SourceDate "2020.10.23"]
[SourceVersion "1"]
[SourceVersionDate "2020.10.23"]
[SourceQuality "1"]

1. e4 c6 2. Nc3 a5 3. d4 b5 4. a3 e6 5. Bd3 Nf6 6. Nf3 Be7 7. 0-0 0-0 8. h3 Na6 9. b3 Bb7 10. Re1 b4 11. Ne2 c5 12. Bxa6 Rxa6 13. Ng3 Qa8 14. Qd3 cxd4 15. Nxd4 d5 16. e5 Ne4 17. Nxe4 dxe4 18. Qg3 Kh8 19. a4 Bc5 20. Bb2 Qb8 21. Rad1 Rc8 22. Nb5 Bd5 23. Re2 Rac6 24. Rdd2 Qb6 25. Kh1 h6 26. Qf4 Kg8 27. Kh2 Be7 28. h4 Rf8 29. Nd4 Rcc8 30. Nf5 Qb7 31. Nxh6+ gxh6 32. Re3 Kh7 33. Rg3 Qd7 34. Bc1 e3 35. fxe3 f5 36. Rf2 Be4 37. h5 Rg8 38. Rg6 Bg5 39. Qg3 Rxg6 40. hxg6+ Kxg6 41. Rd2 Qe7 42. Qf2 Rc3 43. Re2 Qc5 44. Bb2 Rxc2 45. Bd4 Qc7 46. Qe1 Rxe2 47. Qxe2 Qc2 0-1

[Event "Wloclawek CC Classic 18th"]
[Site "Wloclawek"]
[Date "2017.??.??"]
[Round "7"]
[White "Muzalewski, Slawomir"]
[Black "Kaczynski, Maciej"]
[Result "1-0"]
[WhiteElo "1350"]
[BlackElo "1518"]
[PlyCount "111"]
[EventDate "2017.04.??"]
[EventType "swiss"]
[EventRounds "7"]
[EventCountry "POL"]
[SourceTitle "EXT 2021"]
[Source "ChessBase"]
[SourceDate "2020.10.23"]
[SourceVersion "1"]
[SourceVersionDate "2020.10.23"]
[SourceQuality "1"]

1. e4 c6 2. d4 e6 3. Nf3 d5 4. e5 f5 5. Bg5 Be7 6. Bd2 h5 7. Qc1 g6 8. c4 b6 9. Bd3 Ba6 10. b4 dxc4 11. Bxc4 Bxc4 12. Qxc4 Qd5 13. Qc2 Na6 14. a3 Nh6 15. 0-0 Nf7 16. Nc3 Qd7 17. Rac1 Rc8 18. h4 0-0 19. Qa4 Nb8 20. Ne2 Rc7 21. Nf4 Kg7 22. Qb3 Nd8 23. Rfd1 Qc8 24. a4 Re8 25. b5 c5 26. a5 Kf7 27. d5 exd5 28. Nxd5 Qe6 29. Bg5 c4 30. Rxc4 Rxc4 31. Bxe7 Rg4 32. Ng5+ Rxg5 33. Bxg5 bxa5 34. Qc3 Qxe5 35. Qxe5 Rxe5 36. Bxd8 a4 37. Bc7 Re8 38. Bxb8 Rxb8 39. Nc3 Ke6 40. Ra1 Kd6 41. Rxa4 Rb7 42. Ra6+ Kc5 43. Rxg6 Kb4 44. Rc6 Rb6 45. Kh2 Rb7 46. Kg3 Rg7+ 47. Kf3 Rd7 48. Ke3 f4+ 49. Kxf4 Rd3 50. Ne4 Kxb5 51. Rc5+ Kb4 52. Rxh5 a5 53. Rh8 a4 54. Rb8+ Kc4 55. Rc8+ Kb3 56. Nc5+ 1-0

[Event "Wloclawek CC Classic 18th"]
[Site "Wloclawek"]
[Date "2017.??.??"]
[Round "3"]
[White "Owczarzak, Maciej"]
[Black "Kaczynski, Maciej"]
[Result "0-1"]
[WhiteElo "1313"]
[BlackElo "1518"]
[PlyCount "86"]
[EventDate "2017.04.??"]
[EventType "swiss"]
[EventRounds "7"]
[EventCountry "POL"]
[SourceTitle "EXT 2021"]
[Source "ChessBase"]
[SourceDate "2020.10.23"]
[SourceVersion "1"]
[SourceVersionDate "2020.10.23"]
[SourceQuality "1"]

1. e4 c6 2. c4 e6 3. d4 d5 4. cxd5 cxd5 5. exd5 Qxd5 6. Nc3 Qd8 7. Bb5+ Bd7 8. Bxd7+ Qxd7 9. d5 Nf6 10. dxe6 Qxd1+ 11. Nxd1 fxe6 12. Nc3 Nc6 13. Bg5 Bb4 14. 0-0-0 Bxc3 15. bxc3 Ne4 16. Bh4 Nxc3 17. Rd2 h6 18. Rc2 Nd5 19. Nf3 0-0 20. Bg3 Ncb4 21. Rd2 Rac8+ 22. Kb2 Rc6 23. Ne5 Ra6 24. a3 Nc6 25. Nd7 Rf5 26. Re2 Nd4 27. Re4 Nb5 28. Nc5 Ndc3 29. Rxe6 Rxc5 30. Rxa6 bxa6 31. Kb3 Ne4 32. Kb4 Rc2 33. a4 Nxg3 34. fxg3 Nc7 35. Rg1 Rc6 36. Rd1 Kf7 37. Rd7+ Kf6 38. Ka5 g5 39. Rh7 Kg6 40. Rd7 Kf5 41. Rf7+ Ke6 42. Rh7 Kd5 43. Rd7+ Kc4 0-1

[Event "POL-chT4 Kujawsko-Pomorskie 1617"]
[Site "Poland"]
[Date "2016.11.27"]
[Round "3.8"]
[White "Kaczynski, Maciej"]
[Black "Tanski, Jakub"]
[Result "1-0"]
[WhiteElo "1511"]
[BlackElo "1028"]
[PlyCount "57"]
[EventDate "2016.11.06"]
[EventType "team-tourn"]
[EventRounds "11"]
[EventCountry "POL"]
[SourceTitle "EXT 2019"]
[Source "ChessBase"]
[SourceDate "2018.10.10"]
[SourceVersion "1"]
[SourceVersionDate "2018.10.10"]
[SourceQuality "1"]

1. e4 e5 2. c4 Nf6 3. d3 Bc5 4. Be3 Bxe3 5. fxe3 c5 6. Nf3 d6 7. Nc3 Nc6 8. Be2 Be6 9. 0-0 0-0 10. a3 a5 11. h3 b6 12. Nh2 Qd7 13. Rf3 Rfe8 14. Qd2 Nh5 15. Raf1 Rf8 16. Qe1 Qe7 17. Bd1 g6 18. Ba4 Rac8 19. Nd5 Qd8 20. g4 Ng7 21. Nf6+ Kh8 22. Qh4 h5 23. Qg5 Nf5 24. gxf5 Kg7 25. fxe6 fxe6 26. Bxc6 Rxc6 27. Nxh5+ Kh8 28. Qh6+ Kg8 29. Qg7# 1-0

[Event "POL-chT4 Kujawsko-Pomorskie 1617"]
[Site "Poland"]
[Date "2016.11.20"]
[Round "2.18"]
[White "Kulski, Edward"]
[Black "Kaczynski, Maciej"]
[Result "1-0"]
[WhiteElo "1258"]
[BlackElo "1511"]
[PlyCount "59"]
[EventDate "2016.11.06"]
[EventType "team-tourn"]
[EventRounds "11"]
[EventCountry "POL"]
[SourceTitle "EXT 2019"]
[Source "ChessBase"]
[SourceDate "2018.10.10"]
[SourceVersion "1"]
[SourceVersionDate "2018.10.10"]
[SourceQuality "1"]

1. e4 e6 2. d4 c6 3. Nf3 d5 4. e5 f5 5. Bd3 b5 6. 0-0 a6 7. Ng5 g6 8. f4 c5 9. c3 c4 10. Be2 h5 11. Be3 Qb6 12. Nd2 Be7 13. Ndf3 Nh6 14. h3 Nc6 15. Nh4 Rg8 16. Bxh5 Bxg5 17. Bxg6+ Rxg6 18. Nxg6 Be7 19. Qh5 Nf7 20. Nh8 Ncd8 21. Rf3 Ra7 22. Rg3 b4 23. Rg8+ Kd7 24. Nxf7 bxc3 25. Nxd8 Kc7 26. Qe8 Qxb2 27. Qxe7+ Bd7 28. Qc5+ Kb8 29. Qd6+ Rc7 30. Nxe6+ 1-0

[Event "Wloclawek CC Classic 15th"]
[Site "Wloclawek"]
[Date "2016.??.??"]
[Round "3"]
[White "Cichocki, Konrad"]
[Black "Kaczynski, Maciej"]
[Result "1/2-1/2"]
[WhiteElo "1902"]
[BlackElo "1573"]
[PlyCount "131"]
[EventDate "2016.01.??"]
[EventType "swiss"]
[EventRounds "7"]
[EventCountry "POL"]
[SourceTitle "EXT 2021"]
[Source "ChessBase"]
[SourceDate "2020.10.23"]
[SourceVersion "1"]
[SourceVersionDate "2020.10.23"]
[SourceQuality "1"]

1. e4 e6 2. d4 c6 3. Bd3 d5 4. e5 f5 5. exf6 Qxf6 6. Nf3 Bd6 7. Bg5 Qf7 8. c4 Nd7 9. Nc3 Ngf6 10. Qc2 0-0 11. 0-0 dxc4 12. Bxc4 h6 13. Bh4 Nb6 14. Bd3 Nbd5 15. Bg6 Qc7 16. Rae1 Nf4 17. Ne5 Bxe5 18. dxe5 N6d5 19. Nxd5 Nxd5 20. Re4 b6 21. Qd2 c5 22. g4 Bb7 23. Bh5 g5 24. Bg3 Rad8 25. Qc2 Ne7 26. Re3 Rf3 27. Bg6 Rdf8 28. Rfe1 Kg7 29. Be4 Rxe3 30. Rxe3 Bxe4 31. Qxe4 Rd8 32. h4 Rd1+ 33. Re1 Qc6 34. f3 Rxe1+ 35. Bxe1 Qxe4 36. fxe4 Nc6 37. hxg5 hxg5 38. Bc3 b5 39. b3 a5 40. Kf2 Kf7 41. Ke3 Ke7 42. Kd3 Kd7 43. a4 bxa4 44. bxa4 Kc7 45. Kc4 Kb6 46. Bb2 Nb8 47. Bc1 Nd7 48. Bxg5 Nxe5+ 49. Kc3 Nxg4 50. Bd8+ Kc6 51. Kc4 Ne5+ 52. Kc3 Nd7 53. Bxa5 Nf6 54. Kd3 e5 55. Bd8 c4+ 56. Ke3 Nd7 57. a5 Kb5 58. Bc7 Kc6 59. Bd8 Nc5 60. Bf6 Kd6 61. Bd8 c3 62. Bb6 Na4 63. Kd3 Kc6 64. Bd8 Kb5 65. Bf6 Nc5+ 66. Kc2 1/2-1/2

[Event "Wloclawek CC Classic 16th"]
[Site "Wloclawek "]
[Date "2016.??.??"]
[Round "4"]
[White "Kaczynski, Maciej"]
[Black "Cichocki, Konrad"]
[Result "0-1"]
[WhiteElo "1591"]
[BlackElo "1889"]
[PlyCount "62"]
[EventDate "2016.04.??"]
[EventType "swiss"]
[EventRounds "7"]
[EventCountry "POL"]
[SourceTitle "EXT 2021"]
[Source "ChessBase"]
[SourceDate "2020.10.23"]
[SourceVersion "1"]
[SourceVersionDate "2020.10.23"]
[SourceQuality "1"]

1. d4 Nf6 2. c4 e6 3. Nc3 Bb4 4. Bg5 c5 5. a3 Bxc3+ 6. bxc3 Qa5 7. Qb3 cxd4 8. Bxf6 gxf6 9. Qb4 Qxb4 10. cxb4 a5 11. b5 d6 12. g3 b6 13. Bg2 Ra7 14. 0-0-0 e5 15. e4 Rc7 16. Bf1 Be6 17. Kb2 Ke7 18. Rc1 Rhc8 19. Kb3 Nd7 20. f3 f5 21. exf5 Bxf5 22. g4 Be6 23. Nh3 d5 24. c5 Nxc5+ 25. Ka2 e4 26. Ng5 d3 27. Nxe6 fxe6 28. Rd1 Na4 29. Ka1 Rc1+ 30. Rxc1 Rxc1+ 31. Ka2 e3 0-1

[Event "Wloclawek-ch"]
[Site "Wloclawek"]
[Date "2016.??.??"]
[Round "5"]
[White "Kaczynski, Maciej"]
[Black "Jeziorny, Janusz"]
[Result "1-0"]
[WhiteElo "1511"]
[BlackElo "1797"]
[PlyCount "151"]
[EventDate "2016.09.??"]
[EventType "swiss"]
[EventRounds "9"]
[EventCountry "POL"]
[SourceTitle "EXT 2021"]
[Source "ChessBase"]
[SourceDate "2020.10.23"]
[SourceVersion "1"]
[SourceVersionDate "2020.10.23"]
[SourceQuality "1"]

1. d4 Nf6 2. f4 d5 3. e3 c5 4. Bb5+ Bd7 5. Bxd7+ Nbxd7 6. c3 e6 7. Nf3 b5 8. 0-0 Qb6 9. a3 a5 10. Nbd2 Bd6 11. Qe2 Rb8 12. Ne5 cxd4 13. Nxd7 Nxd7 14. cxd4 0-0 15. Nf3 Nf6 16. Bd2 b4 17. axb4 Bxb4 18. Bxb4 Qxb4 19. Ra2 Rfc8 20. Rfa1 Ne4 21. Ne1 Qb3 22. h3 Nd6 23. Rxa5 Qxb2 24. Qxb2 Rxb2 25. Ra8 Rbb8 26. Rxb8 Rxb8 27. g4 h6 28. Ng2 Nc4 29. Re1 Rb3 30. Re2 Rb7 31. Kf2 Nd6 32. Re1 Ne4+ 33. Kf3 Rb2 34. Re2 Nd2+ 35. Kf2 Kf8 36. h4 Ke7 37. h5 Kd6 38. Nh4 Ne4+ 39. Kf3 Rb1 40. Kg2 Nf6 41. Kg3 Rh1 42. Nf3 Rc1 43. Kh4 Ne4 44. Kh3 f6 45. Ra2 Rc3 46. Re2 Ke7 47. Kg2 Nd6 48. Kf2 Ne4+ 49. Kg2 Nd6 50. Kf2 Ne4+ 51. Kg2 Nd6 52. Nh2 Nc4 53. Nf1 Rb3 54. Kf2 Rb2 55. Rxb2 Nxb2 56. Kf3 Nc4 57. Kg3 Kd6 58. Kh4 e5 59. g5 fxg5+ 60. fxg5 Ke6 61. Kg4 Nd6 62. Ng3 exd4 63. exd4 hxg5 64. Kxg5 Ne4+ 65. Nxe4 dxe4 66. Kf4 Kd5 67. Ke3 Kd6 68. Kxe4 Ke6 69. d5+ Kd6 70. Kd4 Ke7 71. Ke5 Kd7 72. d6 Kd8 73. Ke6 Ke8 74. d7+ Kd8 75. Kf7 Kxd7 76. Kxg7 1-0

[Event "Wloclawek-ch"]
[Site "Wloclawek"]
[Date "2015.??.??"]
[Round "6"]
[White "Kaczynski, Maciej"]
[Black "Grochowalski, Pawel"]
[Result "1/2-1/2"]
[WhiteElo "1573"]
[BlackElo "2147"]
[PlyCount "110"]
[EventDate "2015.09.??"]
[EventType "swiss"]
[EventRounds "9"]
[EventCountry "POL"]
[SourceTitle "EXT 2021"]
[Source "ChessBase"]
[SourceDate "2020.10.23"]
[SourceVersion "1"]
[SourceVersionDate "2020.10.23"]
[SourceQuality "1"]

1. e4 a6 2. d4 b5 3. a4 Bb7 4. d5 c6 5. axb5 axb5 6. Rxa8 Bxa8 7. c4 bxc4 8. Bxc4 cxd5 9. exd5 Qc7 10. b3 Nf6 11. Nc3 e6 12. Nf3 Bb4 13. Bd2 0-0 14. dxe6 fxe6 15. Nb5 Qc5 16. 0-0 Bxd2 17. Nxd2 Bc6 18. Qe2 Nd5 19. Ne4 Qe7 20. Nbd6 Nf4 21. Qg4 Bxe4 22. Nxe4 d5 23. g3 Ng6 24. Ng5 dxc4 25. bxc4 Ne5 26. Qxe6+ Qxe6 27. Nxe6 Rc8 28. Rd1 Nxc4 29. Rd8+ Rxd8 30. Nxd8 Nd7 31. Ne6 Kf7 32. Nd4 Kf6 33. f4 Nd6 34. Kg2 Nf5 35. Nc2 Ke6 36. g4 Nd6 37. Ne3 Nb6 38. Kf3 Nbc4 39. Ng2 Kd5 40. f5 Nd2+ 41. Kf4 Nf1 42. h4 Nf7 43. g5 Nd6 44. h5 Nd2 45. Ne3+ Kc6 46. h6 gxh6 47. gxh6 Nf7 48. Ng4 Kd6 49. Nf6 Nxh6 50. Nxh7 Ke7 51. Kg5 Nf7+ 52. Kg6 Ne4 53. f6+ Ke6 54. Nf8+ Ke5 55. Kxf7 Nxf6 1/2-1/2